|
|
|
|
| LEADER |
00764cam a2200205 7i4500 |
| 001 |
0000020848 |
| 005 |
20171108090000.0 |
| 008 |
080313 eng |
| 020 |
|
|
|a 9781401899677 (pbk.)
|
| 020 |
|
|
|a 1401899676 (pbk.)
|
| 090 |
0 |
0 |
|a QD96.M3
|b N53 2006
|
| 100 |
1 |
|
|a Nichols, Daniel H
|
| 245 |
1 |
0 |
|a Applied programmable logic controllers laboratory manual
|c Daniel H. Nichols.
|
| 260 |
|
|
|a Clifton Park, NY:
|b Thomson Delmar Learning,
|c 2006.
|
| 300 |
|
|
|a 179 p.:
|b ill.;
|c 28 cm.
|
| 504 |
|
|
|a Includes bibliographical references
|
| 650 |
0 |
0 |
|a Mass spectrometry
|
| 997 |
|
|
|a Engineering & Life Sciences, Faculty
|b Engineering, Department
|
| 998 |
|
|
|a Mechatronics Engineering, Degree
|
| 999 |
|
|
|a 0000030390
|b BOK
|c REFERENCE
|e Ground Floor, Bestari Jaya
|